000 00998nam a22002777a 4500
999 _c114549
_d114549
003 dpl
005 20190226135008.0
008 190226b ||||| |||| 00| 0 eng d
010 _aA-985694, A-985712
020 _c150.00
035 _aA-985694, A-985712
037 _bCen Lib/Ret
040 _aDPL
_bHN
_c0
082 _a
_bकमल
100 _aकमल कुमार
_957271
245 _aयह ख़बर नहीं /
_cकमल कुमार
246 _aYeh khabar nahin /
_bby Kamal Kumar
260 _aदिल्ली
_bअखिल भारती
_c1999
270 _a3014, चर्खेवालन
_bदिल्ली
_e110006
300 _a156पृ.
_c21सेमी (सजिल्द)
650 _aहिन्दी -- साहित्य
_957272
650 _aहिन्दी -- उपन्यास
_957273
650 _aHindi -- Literature
_957274
650 _aHindi -- Fiction
_927248
942 _2ddc
_cHN
_h
_mकमल